KOHA-Header-6

Electronic Devices (Record no. 459)

000 -LEADER
fixed length control field 00286nam a2200121Ia 4500
008 - FIXED-LENGTH DATA ELEMENTS--GENERAL INFORMATION
fixed length control field 190722s9999 xx 000 0 und d
020 ## - INTERNATIONAL STANDARD BOOK NUMBER
International Standard Book Number 978-93-325-4549-6
100 ## - MAIN ENTRY--PERSONAL NAME
Personal name Thomas L.Floyd
245 #0 - TITLE STATEMENT
Title Electronic Devices
260 ## - PUBLICATION, DISTRIBUTION, ETC. (IMPRINT)
Place of publication, distribution, etc India
Name of publisher, distributor, etc Pearson ED
Date of publication, distribution, etc 2015
300 ## - PHYSICAL DESCRIPTION
Extent 958
942 ## - ADDED ENTRY ELEMENTS (KOHA)
Koha item type Books
Holdings
Withdrawn status Lost status Damaged status Not for loan Collection code Permanent Location Current Location Shelving location Date acquired Total Checkouts Full call number Barcode Date last seen Date checked out Price effective from Koha item type
      Not For Loan CSE Computing and Engineering Library Block-D Computing and Engineering Library Block-D Shelf No.A31 2019-07-22 1 621.381 7085 2019-12-09 2019-10-22 2019-07-22 Computer System Engineering

Powered by Koha